<?xml version="1.0" encoding="UTF-8"?>
<collection xmlns="http://www.loc.gov/MARC21/slim">
    <record>
        <controlfield tag="001">84722</controlfield>
        <controlfield tag="005">20200716101537.0</controlfield>
        <datafield tag="024" ind1="7" ind2=" ">
            <subfield code="2">doi</subfield>
            <subfield code="a">10.4438/1988-592X-RE-2019-385-419</subfield>
        </datafield>
        <datafield tag="024" ind1="8" ind2=" ">
            <subfield code="2">sideral</subfield>
            <subfield code="a">114037</subfield>
        </datafield>
        <datafield tag="037" ind1=" " ind2=" ">
            <subfield code="a">ART-2019-114037</subfield>
        </datafield>
        <datafield tag="041" ind1=" " ind2=" ">
            <subfield code="a">mul</subfield>
        </datafield>
        <datafield tag="100" ind1=" " ind2=" ">
            <subfield code="0">(orcid)0000-0001-9304-3517</subfield>
            <subfield code="a">Utrero González, Natalia</subfield>
        </datafield>
        <datafield tag="245" ind1=" " ind2=" ">
            <subfield code="a">Liderazgo en el nuevo sistema de educación del Ejército de Tierra de España = Leadership in the new Spanish Army Education System</subfield>
        </datafield>
        <datafield tag="260" ind1=" " ind2=" ">
            <subfield code="c">2019</subfield>
        </datafield>
        <datafield tag="506" ind1="0" ind2=" ">
            <subfield code="a">Access copy available to the general public</subfield>
            <subfield code="f">Unrestricted</subfield>
        </datafield>
        <datafield tag="520" ind1="3" ind2=" ">
            <subfield code="a">The Spanish army has recently implemented a new integrated educational curriculum to train officers by bringing together excellent and up-to-date technical knowledge, with a special emphasis on leadership, careful physical preparation and a solid moral foundation. The new curriculum is part of a carefully renovated human resources policy to develop a new type of leadership capable of adapting and performing successfully in the flexible and uncertain environments where national armies operate. The objective of the paper is to carry out an analysis of the implementation of the new educational system following the framework of Wright and Nishii (2006) that allows evaluating the implementation of new initiatives aimed at changing human resources policy. The main axes of the new system are critically analyzed and, based on this analysis; its implementation is evaluated by means of a survey carried out on its users. The survey is made to the first promotion that has been formed in the new curriculum once completed their training at the University Center of Defense and before going to the special academies. Information is required regarding three fundamental areas: training at the center, internal practices and external practices. The results of the survey allow affirming that the design, communication and implementation of the curriculum is positively evaluated by the cadets. However, non-curricular training actions, such as external and internal practices and the development of leadership activities in real situations, which are considered complementary to formal education, receive a low evaluation, considering them not related to leadership. This evidence suggests aspects to be reviewed in the new education system with the aim of improving its effectiveness.</subfield>
        </datafield>
        <datafield tag="536" ind1=" " ind2=" ">
            <subfield code="9">info:eu-repo/grantAgreement/ES/DGA/S24-17R</subfield>
            <subfield code="9">info:eu-repo/grantAgreement/ES/DGA/S52-17R</subfield>
            <subfield code="9">info:eu-repo/grantAgreement/ES/MINECO/ECO2016-76255-P</subfield>
            <subfield code="9">info:eu-repo/grantAgreement/ES/MINECO/ECO2017-86305-C4-2-R</subfield>
            <subfield code="9">info:eu-repo/grantAgreement/ES/UZ/UZCUD2018-SOC-01</subfield>
            <subfield code="9">info:eu-repo/grantAgreement/ES/UZ/UZCUD2018-SOC-04</subfield>
        </datafield>
        <datafield tag="540" ind1=" " ind2=" ">
            <subfield code="9">info:eu-repo/semantics/openAccess</subfield>
            <subfield code="a">All rights reserved</subfield>
            <subfield code="u">http://www.europeana.eu/rights/rr-f/</subfield>
        </datafield>
        <datafield tag="590" ind1=" " ind2=" ">
            <subfield code="a">0.761</subfield>
            <subfield code="b">2019</subfield>
        </datafield>
        <datafield tag="591" ind1=" " ind2=" ">
            <subfield code="a">EDUCATION &amp; EDUCATIONAL RESEARCH</subfield>
            <subfield code="b">224 / 263 = 0.852</subfield>
            <subfield code="c">2019</subfield>
            <subfield code="d">Q4</subfield>
            <subfield code="e">T3</subfield>
        </datafield>
        <datafield tag="592" ind1=" " ind2=" ">
            <subfield code="a">0.562</subfield>
            <subfield code="b">2019</subfield>
        </datafield>
        <datafield tag="593" ind1=" " ind2=" ">
            <subfield code="a">Education</subfield>
            <subfield code="c">2019</subfield>
            <subfield code="d">Q2</subfield>
        </datafield>
        <datafield tag="655" ind1=" " ind2="4">
            <subfield code="a">info:eu-repo/semantics/article</subfield>
            <subfield code="v">info:eu-repo/semantics/publishedVersion</subfield>
        </datafield>
        <datafield tag="700" ind1=" " ind2=" ">
            <subfield code="0">(orcid)0000-0003-1399-5484</subfield>
            <subfield code="a">Callado Muñoz, Francisco José</subfield>
        </datafield>
        <datafield tag="700" ind1=" " ind2=" ">
            <subfield code="0">(orcid)0000-0002-8953-0600</subfield>
            <subfield code="a">Aiger Valles, Montserrat</subfield>
            <subfield code="u">Universidad de Zaragoza</subfield>
        </datafield>
        <datafield tag="710" ind1="2" ind2=" ">
            <subfield code="1">4009</subfield>
            <subfield code="2">740</subfield>
            <subfield code="a">Universidad de Zaragoza</subfield>
            <subfield code="b">Dpto. Psicología y Sociología</subfield>
            <subfield code="c">Área Psicología Social</subfield>
        </datafield>
        <datafield tag="773" ind1=" " ind2=" ">
            <subfield code="g">2019, 385 (2019), 119-144</subfield>
            <subfield code="p">Rev. educ. (Madr.)</subfield>
            <subfield code="t">Revista de educación</subfield>
            <subfield code="x">0034-8082</subfield>
        </datafield>
        <datafield tag="856" ind1="4" ind2=" ">
            <subfield code="s">4414466</subfield>
            <subfield code="u">http://zaguan.unizar.es/record/84722/files/texto_completo.pdf</subfield>
            <subfield code="y">Versión publicada</subfield>
        </datafield>
        <datafield tag="856" ind1="4" ind2=" ">
            <subfield code="s">36413</subfield>
            <subfield code="u">http://zaguan.unizar.es/record/84722/files/texto_completo.jpg?subformat=icon</subfield>
            <subfield code="x">icon</subfield>
            <subfield code="y">Versión publicada</subfield>
        </datafield>
        <datafield tag="909" ind1="C" ind2="O">
            <subfield code="o">oai:zaguan.unizar.es:84722</subfield>
            <subfield code="p">articulos</subfield>
            <subfield code="p">driver</subfield>
        </datafield>
        <datafield tag="951" ind1=" " ind2=" ">
            <subfield code="a">2020-07-16-09:38:03</subfield>
        </datafield>
        <datafield tag="980" ind1=" " ind2=" ">
            <subfield code="a">ARTICLE</subfield>
        </datafield>
    </record>

    
</collection>